Growth prospects of textile and other traditional industries in Kerala (Record no. 46274)

MARC details
000 -LEADER
fixed length control field 00305nam a2200109Ia 4500
100 ## - MAIN ENTRY--AUTHOR NAME
Personal name Govindan A.V.
245 #0 - TITLE STATEMENT
Title Growth prospects of textile and other traditional industries in Kerala
260 ## - PUBLICATION, DISTRIBUTION, ETC. (IMPRINT)
Name of publisher Report
520 ## - SUMMARY, ETC.
Summary, etc Details not available
942 ## - ADDED ENTRY ELEMENTS (KOHA)
Koha item type Reprints
Holdings
Withdrawn status Lost status Damaged status Not for loan Home library Current library Date acquired Koha item type
      Reprints RRII Library RRII Library 22/12/2021 Reprints